قر آ ن مجید کا تعار ف (Record no. 147116)

MARC details
000 -LEADER
fixed length control field 00931nam a22002177a 4500
005 - DATE AND TIME OF LATEST TRANSACTION
control field 20171129124403.0
010 ## - LCCN (DPL NO)
LC control number UR-9881
020 6# - INTERNATIONAL STANDARD BOOK NUMBER
Terms of availability 60.00
035 ## - SYSTEM CONTROL NUMBER
System control number U-8436
037 ## - SOURCE OF ACQUISITION
Source of stock number/acquisition DBAD/PUB
082 ## - DEWEY DECIMAL CLASSIFICATION NUMBER
Classification number 270
100 ## - MAIN ENTRY--PERSONAL NAME
Personal name مو لا نا صد ر ا لد ین ا صلا حی
245 ## - TITLE STATEMENT
Title قر آ ن مجید کا تعار ف
Statement of responsibility, etc مو لا نا صد ر ا لد ین ا صلا حی
246 ## - VARYING FORM OF TITLE
Remainder of title
Title proper/short title Quran Majeed Ka Taruf
250 ## - EDITION STATEMENT
Edition statement by Moulana Sadaruddin Islahi
260 ## - PUBLICATION, DISTRIBUTION, ETC. (IMPRINT)
Place of publication, distribution, etc نئی د لی
Name of publisher, distributor, etc Merkazi Maktaba Islami Publishers
Date of publication, distribution, etc 2013
270 ## - ADDRESS
Address D307,Dawat Nagar,Abul Fazal Enclave,Jamia Nagar ,
City New Delhi
Postal code 110025
Telephone number 01126971652
Fax number -
300 ## - PHYSICAL DESCRIPTION
Extent 144ص
Dimensions 22 Cm.(B.b)
500 ## - GENERAL NOTE
General note دو حصہ
942 ## - ADDED ENTRY ELEMENTS (KOHA)
Source of classification or shelving scheme Dewey Decimal Classification
Item type Urdu Bks
Classification part 270
Call number suffix ق ر آ
Edition
Holdings
Withdrawn status Lost status Not for loan Collection code Home library Current library Date acquired Source of acquisition Cost, normal purchase price Full call number Barcode Copy number Cost, replacement price Koha item type
      Non-fiction Central Library Central Library 02/11/2017 DBAD/PUB. 60.00 270 ق ر آ U-8436 1 60.00 Urdu Bks

© Delhi Public Library
Hit Counter
free hit counter